Achtung und Ächtung: Aspekte einer forensischen Handlungs- und Behandlungsethik

Guardado en:  
Detalles Bibliográficos
Autor principal: Kobbé, Ulrich 1951- (Autor)
Tipo de documento: Print Artículo
Lenguaje:Alemán
Publicado: 2004
En: Sexueller Missbrauch ; 1: Grundlagen und Konzepte
Año: 2004, Páginas: 487-497
Verificar disponibilidad: HBZ Gateway
Palabras clave:

MARC

LEADER 00000caa a22000002c 4500
001 1525980084
003 DE-627
005 20240819134518.0
007 tu
008 160223s2004 xx ||||| 00| ||ger c
020 |a 3801714691 
035 |a (DE-627)1525980084 
035 |a (DE-576)45598008X 
035 |a (DE-599)BSZ45598008X 
040 |a DE-627  |b ger  |c DE-627  |e rakwb 
041 |a ger 
084 |a 2,1  |2 ssgn 
100 1 |a Kobbé, Ulrich  |d 1951-  |0 (DE-588)124600506  |0 (DE-627)36343657X  |0 (DE-576)164101802  |4 aut 
109 |a Kobbé, Ulrich 1951- 
245 1 0 |a Achtung und Ächtung: Aspekte einer forensischen Handlungs- und Behandlungsethik  |c Ulrich Kobbé 
264 1 |c 2004 
336 |a Text  |b txt  |2 rdacontent 
337 |a ohne Hilfsmittel zu benutzen  |b n  |2 rdamedia 
338 |a Band  |b nc  |2 rdacarrier 
773 0 8 |i In  |t Sexueller Missbrauch ; 1: Grundlagen und Konzepte  |d Göttingen : Hogrefe, 2004  |g (2004), Seite 487-497  |h 647 S.  |w (DE-627)1177045141  |w (DE-576)107045141  |z 3801714691  |7 nnam 
773 1 8 |g year:2004  |g pages:487-497 
935 |a mkri 
951 |a AR 
ELC |b 1 
LOK |0 000 xxxxxcx a22 zn 4500 
LOK |0 001 2899472089 
LOK |0 003 DE-627 
LOK |0 004 1525980084 
LOK |0 005 20260116150024 
LOK |0 008 160208||||||||||||||||ger||||||| 
LOK |0 040   |a DE-21-110  |c DE-627  |d DE-21-110 
LOK |0 689   |a s  |a Maßregelvollzug 
LOK |0 689   |a s  |a Sexualtäterbehandlung 
LOK |0 689   |a s  |a Ethik 
LOK |0 852   |a DE-21-110 
LOK |0 852 1  |m p  |9 00 
LOK |0 935   |a k110 
LOK |0 938   |k p 
LOK |0 939   |a 08-02-16  |b l01 
ORI |a SA-MARC-krimdoka001.raw